Código de justicia militar y legislación complementaria (Record no. 44759)

MARC details
000 -LEADER
campo de control de longitud fija 00764nam a2200205 i 4500
001 - NÚMERO DE CONTROL
campo de control 44759
003 - IDENTIFICADOR DE NÚMERO DE CONTROL
campo de control ES-MaACL
007 - CAMPO FIJO DE DESCRIPCIÓN FÍSICA--INFORMACIÓN GENERAL
campo de control de longitud fija t|
008 - DATOS DE LONGITUD FIJA--INFORMACIÓN GENERAL
campo de control de longitud fija 030324s1977 sp ||||1| spa d
245 00 - MENCIÓN DEL TÍTULO
Título Código de justicia militar y legislación complementaria
Resto del título : . Leyes penales de la Marina Mercante y procesal de la navegación aérea /
Mención de responsabilidad, etc. revisión Martín Bravo Navarro y Juan Ignacio Puig Durán.
260 ## - PUBLICACIÓN, DISTRIBUCIÓN, ETC.
Lugar de publicación, distribución, etc. [Madrid] :
Nombre del editor, distribuidor, etc. Reus,
Fecha de publicación, distribución, etc. 1977.
300 ## - DESCRIPCIÓN FÍSICA
Extensión 536 p. ;
Dimensiones 14 cm.
490 1# - MENCIÓN DE SERIE
Mención de serie Biblioteca oficial legislativa
700 1# - ENTRADA AGREGADA--NOMBRE PERSONAL
Nombre de persona Bravo Navarro, Martín.
9 (RLIN) 31499
700 1# - ENTRADA AGREGADA--NOMBRE PERSONAL
Nombre de persona Puig Durán, Juan Ignacio.
9 (RLIN) 94263
830 0# - PUNTO DE ACCESO ADICIONAL DE SERIE-TÍTULO UNIFORME
Título uniforme Biblioteca oficial legislativa
9 (RLIN) 184191
852 ## - LOCALIZACIÓN
Ubicación ES-MaACL
itemnumber 46431
Número de control de estantería G-14939
Sublocalización o colección R.98817
942 ## - ELEMENTOS DE ENTRADA SECUNDARIOS (KOHA)
Fuente del sistema de clasificación o colocación Clasificación decimal universal
Holdings
Estatus retirado Estado de pérdida Estado de daño No para préstamo Biblioteca de origen Biblioteca actual Ubicación en estantería Fecha de adquisición Fuente de adquisición Total de préstamos Signatura topográfica completa Código de barras Visto por última vez Precio de reemplazo Tipo de ítem Koha
        Biblioteca del Ateneo de Madrid Biblioteca del Ateneo de Madrid Sala Pecera Planta 3 17/01/2008     G-14939 1047106 23/02/2023 23/02/2023 Libro impreso